| 000 | 00405nam a2200157Ia 4500 | ||
|---|---|---|---|
| 008 | 230917s9999||||xx |||||||||||||| ||und|| | ||
| 020 | _cPOU7 | ||
| 040 |
_e8647 _aMAIN |
||
| 041 | _aEnglish | ||
| 082 | _a327.112 G28C | ||
| 100 | _aGelber, Lionel | ||
| 245 | 0 | _aCrisis in the West: American leadership and the global blance | |
| 260 |
_aLondon _bMacmillan _c1975 |
||
| 300 | _ax, 230 p. | ||
| 942 | _cBK | ||
| 999 |
_c214352 _d214352 |
||